000 01288nam2a2200289 4500
001 rc\2824528
005 20110623145612.0
035 _a(NLR Aleph) 007211615
090 _a13631075
_c13631075
100 _a20110623d1931 |||y0rusy50 ca
101 1 _arus
_cfre
102 _aRU
105 _aa z |||||
200 1 _aКлавдиус Бомбариак
_eРоман
_aИдея доктора Окса
_eРоман
_fПер. с фр. под ред. С.П. Полтавского
_gСо статьей И. Звавича
_gС 29 рис. худ. Беннетт
210 _d1931
215 _a232 с.
_cил.
300 _aНа обороте тит. л.: "Jules Verne. Claudius Bombarnac. Docteur Ox"
461 0 _1001rc\2824527
_12001#$aСобрание сочинений$eСерия II.Т. IX$fЖюль Верн$gПод общ. ред. и с критико-биографическим очерком о Ж. Верне Вл. А. Попова$vСерия 2. Т. 9
_1700#1$aВерн$bЖ.$gЖюль$f1828-1905
702 1 _aЗвавич
_bИ.
_4000
702 1 _aБеннетт
_4040
702 1 _aПолтавский
_bС. П.
_4340
801 0 _aRU
_bNLR
_gpsbo
801 1 _aRU
_bELAR
_2rusmarc
852 _aNLR
_bЛ
_j60 В1/9(9)
852 _aNLR
_j31-18/52(9)
942 _cBOOK
980 _aNB